Index general des Bulletins du Comité des années 1882 à 1910 /

محفوظ في:

مؤلفون مشاركون: Lajnat Ḥifẓ al-Āthār al-ʻArabīyah (Egypt), Egypt. Wizarat al-Awqaf.

مؤلفون آخرون: Herz, Max.

التنسيق: كتاب

اللغة: French

منشور في: Le Caire : Institut français d'archéologie orientale, 1914.

الموضوعات:

الوسوم: إضافة وسم

لا توجد وسوم, كن أول من يضع وسما على هذه التسجيلة!

رقم الطلب: ( R )NA1581 .A3 Index 1882-1910

LEADER 01028nam a2200241Ia 4500
003 OSt
005 20240723130828.0
008 040603s1914 ua e 000 0 fre d
952 |0 0  |1 0  |2 lcc  |3 Index 1882-1910  |4 0  |7 1  |9 43946  |a ARCE  |b ARCE  |d 2022-11-24  |l 0  |o ( R )NA1581 .A3 Index 1882-1910  |p 1035489  |r 2022-11-24 00:00:00  |w 2022-11-24  |y BK 
999 |c 50403  |d 50403 
040 |c ARCE Library 
050 4 |a ( R )NA1581 .A3 Index 1882-1910 
110 2 |a Lajnat Ḥifẓ al-Āthār al-ʻArabīyah (Egypt) 
245 1 0 |a Index general des Bulletins du Comité des années 1882 à 1910 /   |c par Max Herz Pacha. 
264 1 |a Le Caire :   |b Institut français d'archéologie orientale,   |c 1914. 
300 |a 235 pages :   |b plans ;   |c 25 cm. 
500 |a At head of title: Ministère des Wakfs. Comité de conservation des monuments de l'art arabe. 
650 0 |a Islamic architecture. 
651 0 |a Egypt -- Antiquities. 
700 1 |a Herz, Max.  
710 2 |a Egypt. Wizarat al-Awqaf. 
901 |a reviewed 
942 |2 lcc  |c BK